Statistics for Capitals of the Countries that Start with P

Click here to take the quiz!

General Stats

  • This quiz has been taken 35 times
  • The average score is 8 of 9

Answer Stats

Country Capital % Correct
PanamaPanama City
100%
PeruLima
100%
PhilippinesManila
100%
PolandWarsaw
100%
PortugalLisbon
100%
PakistanIslamabad
94%
ParaguayAsunciĆ³n
91%
Papua New GuineaPort Moresby
83%
PalauNgerulmud
46%

Score Distribution

Percentile by Number Answered

Percent of People with Each Score

Your Score History

You have not taken this quiz